Banderas de países NO reconocidos - Estadísticas

Estadísticas generales
  • Esta prueba ha sido intentada 190 veces
    113 desde el último reinicio
  • La puntuación promedio es 8 de 12
Estadísticas de respuestas
Imagen Respuesta % Correcto
Kosovo
100%
Taiwán
90%
Palestina
88%
Hong Kong
84%
Chipre del norte
73%
Macao
73%
Abjasia
68%
Sahara occidental
60%
Osetia del sur
55%
Transnistria
55%
Somalilandia
51%
Tíbet
35%
No se encontraron pruebas coincidentes
Distribución de puntuación
Porcentaje de gente con cada puntuación
Porcentaje por número respondido
Historial de tus puntuaciones
No has intentado esta prueba desde el último reinicio